[Event "FB23 2324 FC Bayern München - SK 1980 G"]
[Site "?"]
[Date "2024.01.20"]
[Round "4.3"]
[White "Blaschke, Franziska"]
[Black "Exler, Veronika"]
[Result "1/2-1/2"]
[WhiteElo "1852"]
[BlackElo "2157"]
[PlyCount "105"]
[EventDate "2024.??.??"]
[SourceVersion "1"]
[SourceVersionDate "2023.02.20"]
[SourceQuality "1"]

1. e4 c6 2. d4 d5 3. exd5 cxd5 4. Bd3 Nc6 5. c3 Qc7 6. Ne2 Bg4 7. O-O e6 8. Bf4 Qxf4 9. Nxf4 Bxd1 10. Rxd1 Bd6 11. Ne2 Nf6 12. Nd2 O-O 13. f4 g6 14. Nf3 a6 15. a4 Rfc8 16. Ne5 Na5 17. h3 Nc4 18. Rab1 b5 19. axb5 axb5 20. b3 Na3 21. Rbc1 Rc7 22. c4 dxc4 23. bxc4 Nxc4 24. Nxc4 bxc4 25. Rxc4 Rxc4 26. Bxc4 Rc8 27. Bb3 Rb8 28. Rd3 Ne4 29. g4 Kf8 30. Kg2 Ke7 31. Kf3 Nd2+ 32. Rxd2 Rxb3+ 33. Kg2 Re3 34. Rb2 Kd7 35. Rc2 h6 36. Rd2 Kc6 37. Ra2 Kd5 38. Rb2 Ke4 39. Ra2 Kd3 40. Nc1+ Kxd4 41. Rd2+ Kc5 42. Nd3+ Kc6 43. Rc2+ Kd7 44. Rd2 Ke7 45. Rd1 g5 46. fxg5 Rg3+ 47. Kf1 hxg5 48. Nf2 Re3 49. Kg2 Bf4 50. Rd3 Re1 51. Kf3 Bc7 52. Rb3 Kf6 53. Rb7 1/2-1/2

[Event "FB23 2324 FC Bayern München - SK 1980 G"]
[Site "?"]
[Date "2024.01.20"]
[Round "4.5"]
[White "Mueller, Manon"]
[Black "Dirmeier, Carolin"]
[Result "0-1"]
[WhiteElo "1762"]
[BlackElo "1961"]
[PlyCount "70"]
[EventDate "2024.??.??"]
[SourceVersion "1"]
[SourceVersionDate "2023.02.20"]
[SourceQuality "1"]

1. d4 f5 2. c4 Nf6 3. Nc3 g6 4. g3 Bg7 5. Bg2 O-O 6. Nf3 d6 7. O-O c6 8. b4 e5 9. dxe5 dxe5 10. Bb2 Qe7 11. b5 e4 12. Ng5 h6 13. Nh3 Be6 14. Nf4 Bf7 15. Qa4 g5 16. Ba3 c5 17. Nh3 Nbd7 18. Rac1 Nb6 19. Qc2 Nxc4 20. Nb1 b6 21. Rfd1 a6 22. bxa6 Rxa6 23. Bxc5 bxc5 24. e3 Rfa8 25. a3 Nd7 26. Bf1 Nde5 27. Nd2 Ra4 28. Nxc4 Bxc4 29. Bxc4+ Nxc4 30. Qb3 Qf7 31. Rc2 Ne5 32. Rd8+ Rxd8 33. Qxa4 Nf3+ 34. Kf1 Rd1+ 35. Ke2 Re1# 0-1

[Event "FB23 2324 FC Bayern München - SK 1980 G"]
[Site "?"]
[Date "2024.01.20"]
[Round "4.6"]
[White "Ankerst, Milka"]
[Black "Lerch, Cornelia"]
[Result "1-0"]
[WhiteElo "1905"]
[BlackElo "1799"]
[PlyCount "77"]
[EventDate "2024.??.??"]
[SourceVersion "1"]
[SourceVersionDate "2023.02.20"]
[SourceQuality "1"]

1. e4 d5 2. exd5 Qxd5 3. Nf3 Nf6 4. d4 c6 5. Nc3 Qd8 6. Ne5 Be6 7. Be3 Nbd7 8. Nd3 Nd5 9. Qd2 Nxe3 10. fxe3 Nf6 11. Be2 Bd5 12. O-O Ne4 13. Nxe4 Bxe4 14. Nc5 Bg6 15. c3 b6 16. Nd3 e6 17. Bf3 Rc8 18. Ne5 Qd6 19. Qf2 f6 20. Nc4 Qc7 21. e4 Be7 22. Rfe1 O-O 23. Rad1 e5 24. Kh1 Bf7 25. b3 b5 26. Ne3 Rfd8 27. Bg4 Rb8 28. Qg3 Bd6 29. d5 cxd5 30. Nxd5 Qa5 31. Re2 Bg6 32. h4 h5 33. Bxh5 Bxh5 34. Nxf6+ Kh8 35. Nxh5 Qc7 36. Rf2 Rg8 37. Qg6 Bf8 38. Rf7 Qxc3 39. Nf6 1-0

[Event "FB23 2324 TSV Schott Mainz - SC Bavaria"]
[Site "?"]
[Date "2024.01.20"]
[Round "4.1"]
[White "Arnhold, Steffi"]
[Black "Gerlach-Buedinger, Manuela"]
[Result "0-1"]
[WhiteElo "2143"]
[BlackElo "2037"]
[PlyCount "90"]
[EventDate "2024.??.??"]
[SourceVersion "1"]
[SourceVersionDate "2023.02.20"]
[SourceQuality "1"]

1. e4 c6 2. d4 d5 3. Nd2 dxe4 4. Nxe4 Bf5 5. Ng3 Bg6 6. h4 h6 7. Nh3 Nf6 8. Nf4 Bh7 9. Bc4 e6 10. O-O Be7 11. Bxe6 fxe6 12. Nxe6 Qd7 13. Nxg7+ Kf7 14. N7h5 Rg8 15. Bxh6 Qg4 16. Nxf6 Bxf6 17. c3 Qxd1 18. Raxd1 Bxh4 19. d5 Rd8 20. d6 Nd7 21. Rfe1 Re8 22. Bf4 Bf6 23. f3 Rad8 24. Ne4 Bxe4 25. fxe4 Ne5 26. Rf1 Ke6 27. Bg3 Bg7 28. Rd2 Rxd6 29. Rdf2 Rd7 30. Bh4 Rf7 31. Rd1 Rxf2 32. Kxf2 Rf8+ 33. Kg1 Bh6 34. g3 Nf3+ 35. Kg2 Nxh4+ 36. gxh4 Rf4 37. Rd8 Rxe4 38. Kf3 Rxh4 39. Rb8 b6 40. Rb7 Ra4 41. a3 Bc1 42. Rh7 Bxb2 43. Rh6+ Kd5 44. Ke3 Bxc3 45. Kd3 Be5 0-1

[Event "FB23 2324 TSV Schott Mainz - SC Bavaria"]
[Site "?"]
[Date "2024.01.20"]
[Round "4.2"]
[White "Krasnopeyeva, Julia"]
[Black "Bardorz, Jana"]
[Result "1-0"]
[WhiteElo "1900"]
[BlackElo "2052"]
[PlyCount "117"]
[EventDate "2024.??.??"]
[SourceVersion "1"]
[SourceVersionDate "2023.02.20"]
[SourceQuality "1"]

1. e4 c5 2. Nf3 d6 3. d4 cxd4 4. Nxd4 Nf6 5. Nc3 a6 6. Be3 e5 7. Nb3 Be6 8. Qd2 Nbd7 9. f3 h5 10. O-O-O Be7 11. Kb1 Qc7 12. Be2 Rc8 13. Rhe1 b5 14. Bd3 b4 15. Ne2 a5 16. Bb5 O-O 17. c3 Nb6 18. cxb4 axb4 19. Rc1 Qa7 20. Qxb4 d5 21. Qa5 Qxa5 22. Nxa5 Bb4 23. Nc6 Bxe1 24. Ne7+ Kh8 25. Nxc8 Nxc8 26. Rxe1 dxe4 27. Ng1 Bf5 28. Ka1 Nd6 29. Bc5 Rb8 30. Bxd6 Rxb5 31. Be7 Nd5 32. fxe4 Bxe4 33. Rxe4 Nxe7 34. Nf3 f6 35. a4 Rd5 36. b4 Nc8 37. Ka2 Nd6 38. Re2 e4 39. Rd2 Rxd2+ 40. Nxd2 Kg8 41. a5 f5 42. a6 Nc8 43. Kb3 Kf7 44. Kc4 Ke6 45. Kc5 Kd7 46. b5 e3 47. Nf3 Kc7 48. h4 e2 49. Ne1 Nb6 50. Kd4 Kd6 51. Ke3 Nd5+ 52. Kxe2 Nc3+ 53. Kf3 Nxb5 54. Kf4 Ke6 55. Kg5 Ke5 56. Nd3+ Kd4 57. Nf4 Ke3 58. Nxh5 Kf2 59. Nxg7 1-0

[Event "FB23 2324 TSV Schott Mainz - SC Bavaria"]
[Site "?"]
[Date "2024.01.20"]
[Round "4.3"]
[White "Leuchsenring, Christina"]
[Black "Mader, Lena"]
[Result "0-1"]
[WhiteElo "1871"]
[BlackElo "1833"]
[PlyCount "174"]
[EventDate "2024.??.??"]
[SourceVersion "1"]
[SourceVersionDate "2023.02.20"]
[SourceQuality "1"]

1. e4 c6 2. Nf3 d5 3. exd5 cxd5 4. Ne5 Nc6 5. Bb5 Bd7 6. Nxd7 Qxd7 7. d4 e6 8. Bf4 Bd6 9. Bxd6 Qxd6 10. c3 Nf6 11. Nd2 O-O 12. O-O a6 13. Bd3 Rac8 14. Re1 Ne7 15. a4 Ng6 16. g3 Ne7 17. Qe2 Qb6 18. Reb1 Nc6 19. Ra3 Qc7 20. Nf3 Nd7 21. Ng5 h6 22. Nf3 Rfe8 23. Qd2 e5 24. Bf5 e4 25. Nh4 Rcd8 26. Ng2 Nb6 27. Ne3 Qd6 28. Bg4 Na5 29. Be2 Rc8 30. Qd1 Nac4 31. Bxc4 Nxc4 32. Nxc4 Rxc4 33. Qd2 Qd7 34. Rc1 Rxa4 35. Rb3 Rc4 36. Ra3 Rc6 37. Qe3 Rf6 38. Re1 Rf3 39. Qe2 Re6 40. Ra5 Ref6 41. Rf1 e3 42. Raa1 Qe6 43. Rae1 Rxf2 44. Rxf2 Rxf2 45. Qxe3 Qxe3 46. Rxe3 Rxb2 47. Re8+ Kh7 48. Rd8 Rb5 49. Kf2 b6 50. Ke3 a5 51. Kd3 Kg6 52. Rd6+ Kf5 53. h3 h5 54. Rd7 Ke6 55. Ra7 Rb2 56. Rb7 g6 57. g4 hxg4 58. hxg4 Kf6 59. Rd7 Ke6 60. Rb7 Rb5 61. Kc2 Kf6 62. Kd3 Rb2 63. Rd7 Ke6 64. Rb7 Rb5 65. Kc2 a4 66. Ra7 Ra5 67. Rb7 Ra6 68. Kb2 f5 69. g5 f4 70. Rg7 Kf5 71. Rd7 Ra5 72. Rd6 Kxg5 73. Rxb6 Kf5 74. Ka3 g5 75. Rd6 g4 76. Kb4 Ra8 77. Rxd5+ Ke4 78. Re5+ Kf3 79. d5 a3 80. Re1 a2 81. Ra1 g3 82. d6 g2 83. d7 Kg3 84. Rxa2 Rb8+ 85. Kc4 g1=Q 86. Rd2 Rd8 87. Rd3+ f3 0-1

[Event "FB23 2324 TSV Schott Mainz - SC Bavaria"]
[Site "?"]
[Date "2024.01.20"]
[Round "4.4"]
[White "Brandl, Lea Maria"]
[Black "Wetzler, Sophia"]
[Result "1-0"]
[WhiteElo "1866"]
[BlackElo "1714"]
[PlyCount "63"]
[EventDate "2024.??.??"]
[SourceVersion "1"]
[SourceVersionDate "2023.02.20"]
[SourceQuality "1"]

1. d4 d5 2. c4 e6 3. Nc3 Nf6 4. Nf3 Be7 5. Bg5 O-O 6. e3 Nbd7 7. Rc1 c5 8. Bd3 b6 9. O-O Bb7 10. Qe2 Rc8 11. Rfd1 Qc7 12. Bf4 Bd6 13. Nb5 Qc6 14. Nxd6 Rcd8 15. Nxb7 Qxb7 16. Ne5 Nb8 17. Qf3 Na6 18. Bg5 Nb4 19. Bb1 Qe7 20. a3 h6 21. axb4 hxg5 22. Nc6 Qd7 23. Nxd8 Rxd8 24. bxc5 dxc4 25. Rxc4 bxc5 26. Rxc5 g4 27. Qe2 g6 28. Rdc1 Kg7 29. Rc7 Qd6 30. Qc2 Rh8 31. Qxg6+ Kf8 32. Qxf7# 1-0

[Event "FB23 2324 TSV Schott Mainz - SC Bavaria"]
[Site "?"]
[Date "2024.01.20"]
[Round "4.5"]
[White "Pavlov, Liliane"]
[Black "Katte, Isabel"]
[Result "1-0"]
[WhiteElo "1766"]
[BlackElo "1898"]
[PlyCount "67"]
[EventDate "2024.??.??"]
[SourceVersion "1"]
[SourceVersionDate "2023.02.20"]
[SourceQuality "1"]

1. d4 e6 2. c4 b6 3. Nf3 Bb7 4. g3 f5 5. Bg2 Bb4+ 6. Bd2 Bxd2+ 7. Qxd2 Nf6 8. Nc3 O-O 9. O-O h6 10. d5 Na6 11. Rad1 Nc5 12. Ne5 d6 13. Ng6 Re8 14. dxe6 Bxg2 15. e7 Qc8 16. Kxg2 Kf7 17. Nf4 Rxe7 18. Ncd5 Re5 19. Nxf6 Kxf6 20. b4 Ne4 21. Qb2 Qb7 22. f3 Kf7 23. fxe4 Qxe4+ 24. Kg1 Rae8 25. Rf2 g6 26. Rd4 Qc6 27. Nd5 Qb7 28. Qd2 Kg7 29. b5 a5 30. bxa6 Qa7 31. Nb4 c5 32. Nc6 Qxa6 33. Rxd6 Qxc4 34. Nxe5 1-0

[Event "FB23 2324 TSV Schott Mainz - SC Bavaria"]
[Site "?"]
[Date "2024.01.20"]
[Round "4.6"]
[White "Zemke, Christine"]
[Black "Prinzen, Siri Marleen"]
[Result "0-1"]
[WhiteElo "1708"]
[BlackElo "1713"]
[PlyCount "112"]
[EventDate "2024.??.??"]
[SourceVersion "1"]
[SourceVersionDate "2023.02.20"]
[SourceQuality "1"]

1. d4 d5 2. e3 Nf6 3. Bd3 e6 4. Nd2 c5 5. c3 Nc6 6. f4 Bd7 7. Ngf3 Qc7 8. Ne5 c4 9. Bc2 Ne7 10. Qf3 Bc6 11. O-O Nd7 12. e4 f6 13. Nxc6 Qxc6 14. exd5 exd5 15. Re1 O-O-O 16. Nf1 f5 17. b3 Nf6 18. bxc4 Qxc4 19. Bb3 Qc6 20. Qd3 Ne4 21. Bb2 Ng8 22. Rac1 Kb8 23. c4 Qa6 24. Ne3 g6 25. Qc2 Ngf6 26. cxd5 Bd6 27. g3 Rc8 28. Qd1 Bb4 29. Re2 Rxc1 30. Bxc1 Nc3 31. Bc4 Nxd1 32. Bxa6 Nxe3 33. Rxe3 Nxd5 34. Rb3 bxa6 35. a3 a5 36. axb4 axb4 37. Bd2 a5 38. Rb2 Kb7 39. Kf2 Re8 40. h3 Re4 41. Rc2 Rxd4 42. Ke2 a4 43. Rc5 b3 44. Bc1 Re4+ 45. Kd2 Nb4 46. Bb2 Nc2 47. Be5 Kb6 48. Rc8 Rb4 49. Kc1 a3 50. Rxc2 bxc2 51. Kxc2 a2 52. g4 Rb1 53. gxf5 gxf5 54. h4 a1=Q 55. Bxa1 Rxa1 56. Kd3 Ra4 0-1

[Event "FB23 2324 SV 1920 Hofheim - SC NT Nürnb"]
[Site "?"]
[Date "2024.01.20"]
[Round "4.1"]
[White "Hrebenshchykova, Yelyzaveta"]
[Black "Kushka, Alena"]
[Result "1-0"]
[WhiteElo "2275"]
[BlackElo "2154"]
[PlyCount "77"]
[EventDate "2024.??.??"]
[SourceVersion "1"]
[SourceVersionDate "2023.02.20"]
[SourceQuality "1"]

1. e4 c5 2. Nf3 Nc6 3. d4 cxd4 4. Nxd4 g6 5. c4 Bg7 6. Be3 Qb6 7. Nb3 Qd8 8. Qd2 d6 9. Nc3 Nf6 10. Be2 Ng4 11. Bxg4 Bxg4 12. Bh6 O-O 13. Bxg7 Kxg7 14. Nd4 Qb6 15. Nxc6 bxc6 16. O-O Rad8 17. b3 e5 18. h3 Be6 19. Rad1 f5 20. exf5 gxf5 21. Qg5+ Kh8 22. Qe7 Rfe8 23. Qf6+ Kg8 24. Rd3 f4 25. Qg5+ Kf8 26. Qh6+ Kg8 27. Ne4 Qc7 28. Nf6+ Kh8 29. Nxe8 Rxe8 30. Qf6+ Kg8 31. Re1 c5 32. Red1 Qf7 33. Qxf7+ Kxf7 34. Rxd6 f3 35. gxf3 Bxh3 36. Kh2 Be6 37. Rc6 Kf6 38. Rxc5 Kf5 39. Re1 1-0

[Event "FB23 2324 SV 1920 Hofheim - SC NT Nürnb"]
[Site "?"]
[Date "2024.01.20"]
[Round "4.2"]
[White "Rieseler, Caroline"]
[Black "Birkholz, Olga"]
[Result "0-1"]
[WhiteElo "2078"]
[BlackElo "1966"]
[PlyCount "98"]
[EventDate "2024.??.??"]
[SourceVersion "1"]
[SourceVersionDate "2023.02.20"]
[SourceQuality "1"]

1. e4 c5 2. Nf3 e6 3. d4 cxd4 4. Nxd4 a6 5. c4 Qc7 6. Nc3 Nf6 7. Bd3 Bc5 8. Nc2 Nc6 9. O-O h5 10. Be3 Ng4 11. g3 Nxe3 12. Nxe3 Bxe3 13. fxe3 Ne5 14. Be2 h4 15. Kg2 d6 16. Qd4 hxg3 17. hxg3 Bd7 18. Rh1 Ke7 19. Rxh8 Rxh8 20. Rh1 Rxh1 21. Kxh1 Qc5 22. a3 Nc6 23. Qxc5 dxc5 24. Kg2 Kd6 25. Kf3 Ne5+ 26. Kf2 Bc6 27. Ke1 Nd7 28. Kf2 Ke5 29. Bd3 g5 30. g4 Nb6 31. b4 cxb4 32. axb4 Na4 33. Nxa4 Bxa4 34. b5 axb5 35. cxb5 Bd1 36. Kg3 f6 37. Kh3 Bf3 38. Kg3 Bxe4 39. Be2 Kd5 40. Kf2 Kc5 41. Ke1 Bd5 42. Kd2 Bc4 43. Bf3 Bxb5 44. Be4 Kd6 45. Kc3 Be2 46. Kb4 Ke5 47. Bh7 Bxg4 48. Kb5 Be2+ 49. Kb6 g4 0-1

[Event "FB23 2324 SV 1920 Hofheim - SC NT Nürnb"]
[Site "?"]
[Date "2024.01.20"]
[Round "4.3"]
[White "Albayrak, Nese Pinar"]
[Black "Geske, Bruna"]
[Result "1-0"]
[WhiteElo "1904"]
[BlackElo "2027"]
[PlyCount "94"]
[EventDate "2024.??.??"]
[SourceVersion "1"]
[SourceVersionDate "2023.02.20"]
[SourceQuality "1"]

1. e4 c5 2. Nf3 Nc6 3. d4 cxd4 4. Nxd4 Nf6 5. Nc3 e5 6. Ndb5 d6 7. Bg5 a6 8. Na3 b5 9. Nd5 Be7 10. Bxf6 Bxf6 11. c3 Bg5 12. Nc2 Rb8 13. a4 bxa4 14. Ncb4 Nxb4 15. Nxb4 O-O 16. Nc6 Qb6 17. Nxb8 Qxb2 18. Be2 Qxc3+ 19. Kf1 Be6 20. Nxa6 a3 21. h4 Bh6 22. g4 Bf4 23. Kg2 a2 24. Qxd6 Rc8 25. Rhd1 h5 26. Qd3 Qb2 27. Nc7 Bb3 28. Re1 Bc2 29. Qb5 Bxe4+ 30. f3 Bxf3+ 31. Kxf3 Qc3+ 32. Qd3 Qxc7 33. Rxa2 Qb7+ 34. Kf2 Qe7 35. Rh1 Qe6 36. Qa6 Rc6 37. Qa8+ Kh7 38. Bf3 e4 39. Re1 e3+ 40. Kg2 Rc4 41. Ra5 hxg4 42. Bd5 Rc2+ 43. Kg1 Qf6 44. Bxf7 Rc8 45. Qe4+ g6 46. Bxg6+ Qxg6 47. Qxf4 Rc7 1-0

[Event "FB23 2324 SV 1920 Hofheim - SC NT Nürnb"]
[Site "?"]
[Date "2024.01.20"]
[Round "4.4"]
[White "Barpiyeva, Gulsana"]
[Black "Albayrak, Berrak"]
[Result "1-0"]
[WhiteElo "2007"]
[BlackElo "1685"]
[PlyCount "75"]
[EventDate "2024.??.??"]
[SourceVersion "1"]
[SourceVersionDate "2023.02.20"]
[SourceQuality "1"]

1. d4 Nf6 2. c4 g6 3. Nc3 Bg7 4. e4 d6 5. Be2 O-O 6. Be3 e5 7. d5 a5 8. f3 Nh5 9. Qd2 f5 10. exf5 gxf5 11. O-O-O Na6 12. Bd3 Nc5 13. Bc2 Bd7 14. Nge2 Qe7 15. Kb1 a4 16. h3 f4 17. Bxc5 dxc5 18. Ne4 Ra6 19. N2c3 Ng3 20. Rhe1 Nf5 21. d6 cxd6 22. Nxc5 Rc6 23. Nxd7 Qxd7 24. Bxa4 Rd8 25. Qd5+ Kh8 26. Bxc6 bxc6 27. Qd3 Ne3 28. Rxe3 fxe3 29. Qxe3 Qf5+ 30. Qe4 Qc8 31. g4 Qc7 32. h4 Rf8 33. Qd3 Rf6 34. Ne4 Rf4 35. Ng5 e4 36. Nxe4 Qb6 37. b3 d5 38. Ng5 1-0

[Event "FB23 2324 SV 1920 Hofheim - SC NT Nürnb"]
[Site "?"]
[Date "2024.01.20"]
[Round "4.5"]
[White "Braeuer, Vanessa"]
[Black "Froehlich-Dill, Astrid"]
[Result "1-0"]
[WhiteElo "1868"]
[BlackElo "1778"]
[PlyCount "103"]
[EventDate "2024.??.??"]
[SourceVersion "1"]
[SourceVersionDate "2023.02.20"]
[SourceQuality "1"]

1. e4 e6 2. d4 b6 3. c4 Bb7 4. d5 Bb4+ 5. Bd2 Qe7 6. Ne2 Bxd2+ 7. Nxd2 e5 8. Ng3 g6 9. Bd3 Nf6 10. O-O d6 11. b4 Nbd7 12. Nb3 c5 13. bxc5 Nxc5 14. Nxc5 bxc5 15. f4 exf4 16. Rxf4 Nd7 17. Bc2 O-O 18. Qg4 Kh8 19. Raf1 Ne5 20. Qh3 Bc8 21. Qh6 Ng4 22. Qxf8+ Qxf8 23. Rxf7 Qxf7 24. Rxf7 Ne5 25. Rf8+ Kg7 26. Rd8 Nf7 27. Re8 Bb7 28. Re7 Ba6 29. Bb3 Kf8 30. Rd7 Bc8 31. Rc7 Ba6 32. Nf1 h5 33. Nd2 Ne5 34. Nf3 Nxc4 35. Rc6 Nb6 36. Rxd6 c4 37. Bc2 c3 38. Rxg6 Bc4 39. a4 Rc8 40. Nd4 Nd7 41. Rh6 Rb8 42. Rh8+ Kf7 43. Rh7+ Ke8 44. Rh8+ Kf7 45. Rxb8 Nxb8 46. Kf2 Nd7 47. Ne2 Ne5 48. Nxc3 Ng4+ 49. Kg3 Ne3 50. Bd1 Nxd1 51. Nxd1 Kf6 52. Kf4 1-0

[Event "FB23 2324 SV 1920 Hofheim - SC NT Nürnb"]
[Site "?"]
[Date "2024.01.20"]
[Round "4.6"]
[White "Storkebaum, Ulrike"]
[Black "Loebel, Petra"]
[Result "1/2-1/2"]
[WhiteElo "1712"]
[BlackElo "1863"]
[PlyCount "91"]
[EventDate "2024.??.??"]
[SourceVersion "1"]
[SourceVersionDate "2023.02.20"]
[SourceQuality "1"]

1. e4 e6 2. d4 d5 3. exd5 exd5 4. Nf3 Bd6 5. Bd3 Ne7 6. O-O Bg4 7. h3 Bh5 8. Re1 Nbc6 9. c3 Qd7 10. Nbd2 O-O-O 11. b4 Rde8 12. b5 Nd8 13. a4 f6 14. c4 g5 15. c5 Bf4 16. Nf1 Bxc1 17. Rxc1 Bg6 18. Ne3 Bxd3 19. Qxd3 h5 20. c6 Qd6 21. Nf5 Nxf5 22. Qxf5+ Kb8 23. cxb7 Kxb7 24. Rxe8 Rxe8 25. Rc5 Ne6 26. Rxd5 Qf4 27. Qc2 Nd8 28. Rf5 Qd6 29. Qc5 Qe6 30. Qd5+ Kb6 31. Qxe6+ Rxe6 32. Rd5 Rd6 33. Rc5 Ne6 34. Rc4 g4 35. hxg4 hxg4 36. Nh4 Nxd4 37. Ng6 f5 38. Nf4 Ne6 39. Ne2 c6 40. Nc3 cxb5 41. axb5 Nd4 42. Ra4 Nxb5 43. Nxb5 Kxb5 44. Rxa7 Kc4 45. Rf7 Rd5 46. Kh2 1/2-1/2

[Event "FB23 2324 SK 1980 Gernsheim - SG Augsbur"]
[Site "?"]
[Date "2024.01.21"]
[Round "5.1"]
[White "Braun, Kristin"]
[Black "Groeschel, Karoline"]
[Result "1-0"]
[WhiteElo "1914"]
[BlackElo "1869"]
[PlyCount "53"]
[EventDate "2024.??.??"]
[SourceVersion "1"]
[SourceVersionDate "2023.02.20"]
[SourceQuality "1"]

1. e4 c5 2. Nf3 d6 3. Bb5+ Bd7 4. Bxd7+ Nxd7 5. d4 cxd4 6. Qxd4 Ngf6 7. O-O g6 8. e5 dxe5 9. Nxe5 Bg7 10. Re1 O-O 11. Nxd7 Nxd7 12. Qe4 Qb6 13. Qxe7 Bxb2 14. Bxb2 Qxb2 15. Na3 Nb6 16. c4 Rfe8 17. Qc5 Rxe1+ 18. Rxe1 Rc8 19. Qe3 Qxa2 20. c5 Nd5 21. Qc1 Nb4 22. Qc3 Na6 23. Nb5 Qa4 24. Nd6 Rxc5 25. Qf6 Nc7 26. Qxf7+ Kh8 27. Qf8# 1-0

[Event "FB23 2324 SK 1980 Gernsheim - SG Augsbur"]
[Site "?"]
[Date "2024.01.21"]
[Round "5.2"]
[White "Ries, Jutta"]
[Black "Horvath, Maria"]
[Result "1-0"]
[WhiteElo "2000"]
[BlackElo "1936"]
[PlyCount "81"]
[EventDate "2024.??.??"]
[SourceVersion "1"]
[SourceVersionDate "2023.02.20"]
[SourceQuality "1"]

1. f4 d5 2. Nf3 g6 3. e3 Bg7 4. Nc3 Nf6 5. b3 Ne4 6. Bb2 Nxc3 7. Bxc3 Bxc3 8. dxc3 O-O 9. Bd3 Bg4 10. h4 Nd7 11. Be2 c6 12. h5 e5 13. hxg6 hxg6 14. fxe5 Bxf3 15. gxf3 Nxe5 16. Qd4 Qf6 17. O-O-O Nd7 18. Qg4 Rad8 19. Qh3 Qg7 20. Rd4 Nf6 21. Rh4 Nh5 22. f4 Qxc3 23. Rxh5 Rfe8 24. Re5 Kg7 25. Qh6+ Kf6 26. Qg5+ Kg7 27. Qh6+ Kf6 28. Qh4+ Kg7 29. Kb1 Rh8 30. Qe1 Rxh1 31. Qxh1 Rh8 32. Qd1 Rh2 33. Re8 Kh7 34. Qg1 Rh6 35. Bd1 a5 36. Ra8 b5 37. Ra7 Kg7 38. e4 d4 39. Rd7 c5 40. Qg5 Rh1 41. Qe5+ 1-0

[Event "FB23 2324 SK 1980 Gernsheim - SG Augsbur"]
[Site "?"]
[Date "2024.01.21"]
[Round "5.3"]
[White "Kosc, Renata"]
[Black "Lukas, Anne"]
[Result "1/2-1/2"]
[WhiteElo "1988"]
[BlackElo "2030"]
[PlyCount "115"]
[EventDate "2024.??.??"]
[SourceVersion "1"]
[SourceVersionDate "2023.02.20"]
[SourceQuality "1"]

1. e4 c5 2. Nf3 g6 3. d4 cxd4 4. Nxd4 Bg7 5. c4 Nc6 6. Be3 d6 7. Nc3 Bd7 8. Be2 Nf6 9. O-O Nxd4 10. Bxd4 O-O 11. Rc1 Bc6 12. f3 Nd7 13. Bxg7 Kxg7 14. Qd4+ Kg8 15. Rfd1 a5 16. b3 Nc5 17. e5 Qb6 18. exd6 exd6 19. Kf1 a4 20. bxa4 Qa5 21. Qxd6 Rfd8 22. Qf6 Nxa4 23. Nxa4 Bxa4 24. Rxd8+ Rxd8 25. Qc3 Qc7 26. g3 h5 27. Qb4 Qd7 28. c5 Re8 29. Re1 Qh3+ 30. Kg1 Bc6 31. Bf1 Rxe1 32. Qxe1 Qf5 33. Qf2 Qb1 34. Kg2 Bd5 35. a4 Qb4 36. Qe3 Qxa4 37. h4 Qc2+ 38. Kh3 Qf5+ 39. Kg2 Be6 40. Kg1 Qb1 41. Kf2 Qb2+ 42. Qe2 Qc1 43. Qe3 Qc2+ 44. Ke1 Qb2 45. Bd3 Qa1+ 46. Ke2 Bh3 47. Be4 Bf1+ 48. Kf2 Bc4 49. Bd3 Qb2+ 50. Be2 Kg7 51. g4 hxg4 52. fxg4 Bxe2 53. Qxe2 Qf6+ 54. Kg3 Qc3+ 55. Qf3 Qe5+ 56. Kg2 Qb2+ 57. Kg3 Qb4 58. Qe3 1/2-1/2

[Event "FB23 2324 SK 1980 Gernsheim - SG Augsbur"]
[Site "?"]
[Date "2024.01.21"]
[Round "5.5"]
[White "Muench, Ursula"]
[Black "Mueller, Manon"]
[Result "0-1"]
[WhiteElo "1819"]
[BlackElo "1762"]
[PlyCount "102"]
[EventDate "2024.??.??"]
[SourceVersion "1"]
[SourceVersionDate "2023.02.20"]
[SourceQuality "1"]

1. Nf3 Nf6 2. g3 g6 3. Bg2 Bg7 4. O-O O-O 5. Nc3 d5 6. d4 e6 7. e3 Nbd7 8. Rb1 c5 9. b4 cxb4 10. Rxb4 b6 11. Ba3 Ba6 12. Re1 Re8 13. Bf1 Bxf1 14. Rxf1 Bf8 15. Rb3 Qc7 16. Nb5 Qc6 17. Bxf8 Rxf8 18. Qd3 a6 19. Na3 Rfc8 20. Rc1 b5 21. Nd2 Nb6 22. f3 Nc4 23. Qe2 Na5 24. Rd3 Ra7 25. Nb3 Nxb3 26. Rxb3 Rac7 27. Nb1 Qd6 28. Qd3 Rc4 29. Nd2 Rb4 30. Rc3 Rc6 31. Rxc6 Qxc6 32. c3 Ra4 33. Rc2 Qb6 34. Nb3 Nd7 35. Kf2 Rc4 36. Ke2 Qc7 37. Nd2 Rc6 38. e4 Nb6 39. e5 Na4 40. Nb1 b4 41. Kd2 bxc3+ 42. Nxc3 Qa5 43. a3 Nb6 44. Ra2 Nc4+ 45. Ke2 Nxe5 46. dxe5 Rxc3 47. Qd2 Qb5+ 48. Kf2 Qc5+ 49. Kg2 d4 50. Qg5 Qd5 51. Qf6 Qxa2+ 0-1

[Event "FB23 2324 SK 1980 Gernsheim - SG Augsbur"]
[Site "?"]
[Date "2024.01.21"]
[Round "5.6"]
[White "Lerch, Cornelia"]
[Black "Vuckovic, Katarina"]
[Result "0-1"]
[WhiteElo "1799"]
[BlackElo "1313"]
[PlyCount "108"]
[EventDate "2024.??.??"]
[SourceVersion "1"]
[SourceVersionDate "2023.02.20"]
[SourceQuality "1"]

1. e4 e6 2. d4 d5 3. Nd2 c5 4. c3 Nc6 5. Ngf3 Nf6 6. e5 Nd7 7. Be2 cxd4 8. cxd4 Be7 9. O-O O-O 10. Nb3 f6 11. exf6 Bxf6 12. Be3 b6 13. Rc1 Bb7 14. Qd2 a5 15. a4 Qe7 16. Rfd1 Rac8 17. Qd3 Nb4 18. Qb1 Ba6 19. Bxa6 Nxa6 20. Qd3 Nb4 21. Qb5 Qd6 22. h3 h6 23. Nbd2 Nc2 24. Nf1 Rc4 25. b3 Rc6 26. Qd3 Rfc8 27. Qd2 Nxe3 28. Nxe3 Qa3 29. Rxc6 Rxc6 30. Qd3 Qb4 31. Nc2 Qc3 32. Nfe1 Qxd3 33. Rxd3 Be7 34. Kf1 Nf6 35. f3 Nh5 36. Re3 Bg5 37. Re5 Ng3+ 38. Kf2 Bf4 39. Re3 Bxe3+ 40. Nxe3 Nh1+ 41. Kg1 Ng3 42. Kf2 Nh5 43. N1c2 Nf4 44. b4 Nd3+ 45. Ke2 Nxb4 46. Na3 Na2 47. Nb5 Nc3+ 48. Nxc3 Rxc3 49. f4 Ra3 50. f5 Kf7 51. h4 Rxa4 52. Kd3 Ra3+ 53. Kd2 Rxe3 54. Kxe3 exf5 0-1

[Event "FB23 2324 SV Stuttgart-Wolfbusch - FC Ba"]
[Site "?"]
[Date "2024.01.21"]
[Round "5.1"]
[White "Khrapko, Marharyta"]
[Black "Li, Zhuoling"]
[Result "1/2-1/2"]
[WhiteElo "2236"]
[BlackElo "2222"]
[PlyCount "110"]
[EventDate "2024.??.??"]
[SourceVersion "1"]
[SourceVersionDate "2023.02.20"]
[SourceQuality "1"]

1. e4 c5 2. Nc3 Nc6 3. Nge2 Nf6 4. d4 cxd4 5. Nxd4 e6 6. Ndb5 Bb4 7. a3 Bxc3+ 8. Nxc3 d5 9. exd5 exd5 10. Bd3 O-O 11. O-O d4 12. Ne2 Bg4 13. f3 Bh5 14. Nf4 Bg6 15. Nxg6 hxg6 16. Re1 Qd6 17. Bg5 Rfe8 18. Qd2 Rad8 19. Rad1 a6 20. Qf2 Re5 21. Rxe5 Qxe5 22. Qg3 Qxg3 23. hxg3 Ne5 24. Bf1 Kf8 25. Be3 Nc6 26. Bf2 b5 27. b3 Rd5 28. Be2 Ke7 29. f4 Ne4 30. Bf3 f5 31. Re1 Kd6 32. Bxe4 fxe4 33. Rxe4 d3 34. cxd3 Rxd3 35. Re8 Rxb3 36. Rg8 Rxa3 37. Rxg7 Ra1+ 38. Kh2 b4 39. Rb7 a5 40. g4 a4 41. f5 gxf5 42. g5 a3 43. g6 a2 44. g7 Rh1+ 45. Kxh1 a1=Q+ 46. Bg1 Qa8 47. Bh2+ Kc5 48. Rb8 Qxb8 49. Bxb8 Ne7 50. Be5 Kd5 51. Ba1 Ke6 52. Kg1 Kf7 53. Kf2 Nd5 54. Kf3 b3 55. g4 fxg4+ 1/2-1/2

[Event "FB23 2324 SV Stuttgart-Wolfbusch - FC Ba"]
[Site "?"]
[Date "2024.01.21"]
[Round "5.2"]
[White "Leser, Katrin"]
[Black "Exler, Veronika"]
[Result "1-0"]
[WhiteElo "2010"]
[BlackElo "2157"]
[PlyCount "75"]
[EventDate "2024.??.??"]
[SourceVersion "1"]
[SourceVersionDate "2023.02.20"]
[SourceQuality "1"]

1. e4 c6 2. Nc3 d5 3. Nf3 Bg4 4. d3 e5 5. h3 Bxf3 6. Qxf3 Bb4 7. Bd2 d4 8. Nb1 Bxd2+ 9. Nxd2 Ne7 10. Nc4 f6 11. Qg4 Kf7 12. O-O-O b5 13. Nd2 h5 14. Qe2 Qd6 15. h4 Nd7 16. g3 Nc5 17. Bh3 Na4 18. Rhf1 Ng6 19. Bf5 Ne7 20. f4 Nxf5 21. exf5 Rae8 22. Qf3 Nb6 23. fxe5 Rxe5 24. Rde1 Qd5 25. Rxe5 fxe5 26. Re1 Nd7 27. Ne4 Ke7 28. g4 Nf6 29. g5 Nxe4 30. Rxe4 Kd6 31. f6 g6 32. Kb1 Rf8 33. Qh3 c5 34. Qh1 c4 35. Re1 Qxh1 36. Rxh1 Ke6 37. Rf1 Kf7 38. Kc1 1-0